000 00634nam a2200241Ia 4500
003 OSt
005 20221007075036.0
006 a|||||r|||| 00| 0
007 ta
008 221006b |||||||| |||| 00| 0 eng d
024 _a4,315
037 _cTextual
040 _aFLL
_cFLL
_beng
041 _2eng
_aeng
082 _aZ2,3, P1.1
100 _aBhadbhade Nilima Au.
245 0 _aIndian contract and specific relief acts
250 _a12th
260 _aNew Delhi
_bButterworths India
_c2001
300 _a1334p
_ccm.
942 _hZ2,3, P1.1
_cTEXL
_2CC
999 _c1154605
_d1154605